00483nam a2200145Ia 4500008004100000041000800041082001500049100002500064245002900089260002900118300001800147520003300165999001700198952012200215240719s9999 xx 000 0 und d aeng a657.02 SRI aShrinivasan Anand G. aGuide To New Schedule VI aNew DelhibTAXMAN,c2011 a568.; P 23 Cm aGifted By : Prof. Pawan Jain c41182d41182 00104070aIMTNbIMTNcRack 21-Ad2023-05-05g625.00o657.02 SRIp32877r2024-07-19 00:00:00w2024-07-19yBKzGifted